| 000 | 00494nam a22001457a 4500 | ||
|---|---|---|---|
| 003 | OSt | ||
| 082 |
_a631.3 _bBAS/I |
||
| 088 | _aT 488 | ||
| 100 |
_aBasavaraj _94067 |
||
| 245 | _aInvestigations on soil, crop and machine parameters towards the development of a root crop harvester | ||
| 260 |
_aTavanur _bDept. of Farm machinery and Power engineering _c2020 |
||
| 300 | _bCD included | ||
| 856 | _uhttps://drive.google.com/file/d/16-x5rp7tQS_UklBwJlLA7WybcnTG8LJU/view?usp=sharing | ||
| 942 | _cTH | ||
| 999 |
_c16388 _d16388 |
||